000 00903pam a2200265 a 4500
999 _c232616
_d232616
001 3449652
003 Nust
005 20170221142557.0
008 920521s1992 nyu 000 0aeng
010 _a 92018526
020 _a9780330443456
_c$22.95
040 _aDLC
_cDLC
_dDLC
043 _ae-uk-en
050 0 0 _aSF613.H44
_bA288 1992
082 0 0 _a636.089092
_bHER
100 1 _aHerriot, James.
245 1 0 _aEvery living thing /
_cJames Herriot.
250 _a1st ed.
260 _aNew York :
_bSt. Martin's Press,
_c1992.
300 _a370 p. ;
_c25 cm.
600 1 0 _aHerriot, James.
650 0 _aVeterinarians
_zEngland
_zYorkshire
_xBiography.
906 _a7
_bcbc
_corignew
_d1
_eocip
_f19
_gy-gencatlg
942 _2ddc
_cBK